Indovina il film! - Statistics

Statistiche generali
  • Questo quiz è stato fatto 186 volte
  • Il punteggio medio è 5 su 15
Statistiche sulle risposte
Hint Risposta % Corretto
Circa 20 000 anni fa un mammut, un bradipo,e una tigre dai denti a sciabola dovranno unire le proprie forze per far fronte alle comuni difficoltà che si troveranno ad affrontare per restituire un bambino poco più che neonato alla sua tribù di appartenenza. L'era glaciale
91%
Nel 180 d.C un generale conduce l'esercito di Roma alla vittoria contro alcune popolazioni germaniche, guadagnandosi così la stima dell'imperatore. Quest'ultimo ormai anziano e malato vorrebbe nominare il fidato generale come suo successore al posto del figlio legittimo, considerato poco affidabile e non adatto al ruolo. Saputa la notizia l'erede al trono uccide il padre per acquisirne il pregioso incarico. Il gladiatore
59%
In India un giovane e povero ragazzo di fede islamica, sta partecipando a un famoso gioco a premi televisivo. La puntata viene interrotta poco prima della domanda finale, che garantirebbe un'ingente vincita. Il conduttore, convinto che si tratti di una frode poiché non si capacità di come un membro dei bassifondi possa rispondere correttamente a tutti i quesiti, fa arrestare il ragazzo dovrà dimostrare di essere innocente e riuscire a vincere il montepremi. The Millionaire
49%
A Miami un immigrato cubano si fa strada nella malavita diventando un pericoloso gangster al servizio di un potente trafficante di stupefacenti. Inizia così la scalata al potere che porterà il cubano a diventare anch'egli un signore della droga. Tuttavia da narcotrafficante finisce per essere lui stesso un tossicodipendente e da lì cominciano i suoi guai. Scarface
45%
Un infallibile assassino si ritira per vivere in pace assieme alla propria moglie, la quale tuttavia muore a causa di un male incurabile. Prima di morire la donna aveva fatto in modo che il marito ricevesse un ultimo regalo dopo il suo funerale, si tratta di una cagnolina. Durante una rapina in casa la cucciola viene uccisa da una banda di criminali, scatenando così la furia omicida del killer. John Wick
38%
Durante l'occupazione di Parigi da parte dell'Asse, viene organizzata una partita di calcio tra una rappresentativa tedesca e i prigionieri detenuti in un campo di concentramento. Grazie all'aiuto dei partigiani francesi, i prigionieri organizzano un piano per scappare durante la partita evadendo dallo stadio. Fuga per la vittoria
36%
Nella New York degli anni '50 un giovane di origini italiane e irlandesi entra a far parte di una piccola cosca mafiosa della città, dedita a furti, estorsioni e contrabbando. Le cose si complicano quando i membri della banda iniziano a spacciare droga. Inoltre i protagonisti si macchiano di frequenti omicidi e altri fatti di violenza. Quei bravi ragazzi
26%
Un gruppo di lottatori dediti al kung-fu cercano un modo per convincere più gente possibile a praticare la loro arte marziale. Escogitano lo stratagemma di unire il tradizionale stile di lotta cinese allo sport più popolare, il calcio. Con l'aiuto di un ex campione, prendono quindi parte a un torneo calcistico sfoderando mirabolanti tecniche di arti marziali. Shaolin Soccer
26%
Una coppia di genitori con figlia al seguito viaggiano in auto diretti verso la loro nuova abitazione. La famiglia prende quella che crede essere una strada scorciatoia finendo tuttavia per perdersi, ritrovandosi davanti a uno strano edificio che sembra un parco giochi abbandonato. Lì i due genitori finiranno per trasformarsi in veri e propri maiali. La città incantata
23%
Due amiche adolescenti escono per fare una passeggiata in sella ai loro rispettivi cavalli. Purtroppo restano vittime di un tragico incidente stradale. Una delle due muore insieme al suo cavallo, mentre l'altra giovane sopravvive ma le viene amputata una gamba. Anche il suo destriero è sopravvissuto, ma permane in uno stato di shock profondo. La madre della giovane si rivolge a un esperto cowboy per riabilitare il cavallo traumatizzato e restituire serenità alla figlia. L'uomo che sussurrava ai cavalli
23%
Nel Far West due fratelli pistoleri, entrambi abili fuorilegge travestiti da sceriffi, intendono attuare un furto di bestiame. Invece si ritrovano a dover difendere una comunità di contadini mormoni, vessati da un avido e spietato proprietario terriero disposto a tutto. Lo chiamavano Trinità
22%
Nel Giappone di fine XVI secolo, alcuni miseri contadini cercano di ingaggiare degli spadaccini nel tentativo di difendere la propria terra dalle incursioni degli spietati briganti di turno, intenzionati a depredarli di quel poco che posseggono. I sette samurai
14%
Un conduttore televisivo statunitense specializzato in talk show, decide di recarsi in Corea del Nord per intervistare il presidente Kim. Tuttavia prima della partenza il presentatore viene avvicinato da un agente della CIA che lo invita a sfruttare l'evento come pretesto per assassinare il dittatore coreano. The Interview
14%
Nel 1941 durante gli scontri bellici della Campagna dell'Africa Orientale, le truppe italiane stanno perdendo terreno nei confronti dei britannici. Un maggiore inglese riceve l'incarico di individuare una fortezza italiana e raggiungerla. I soldati italiani battono in ritirata, ma per un caso fortuito si ritroveranno a catturare e far prigionieri un paio di ufficiali nemici che erano sulle loro tracce. I due nemici
3%
Tre giovani sono in viaggio attraverso l'outback australiano per raggiungere un parco nazionale. Improvvisamente la loro auto ha un guasto e sono costretti a fermarsi. Un meccanico casualmente di passaggio si offre di riparare la vettura danneggiata, rimorchiandola fino alla sua officina. Tuttavia l'uomo si rivela un pazzo criminale psicopatico. Wolf Creek
1%
Nessun quiz corrispondente trovato
Distribuzione punteggi
Percentuale di utenti per punteggio
Percentile per numero di risposta
I tuoi punteggi nel tempo
Non hai fatto questo quiz